UK city distances from Manchester - Statistics

General Stats
  • This quiz has been taken 299 times
  • The average score is 9 of 15
Answer Stats
Hint Answer % Correct
310km SE London
97%
54km W Liverpool
89%
129km S Birmingham
86%
233km N Newcastle upon tyne
82%
67km NE Leeds
79%
336km N Edinburgh
77%
535km N Aberdeen
57%
152km E Hull
52%
453km SW Plymouth
52%
311km SE Norwich
51%
132km SE Nottingham
49%
254km S Oxford
46%
388km S Portsmouth
43%
422km N Perth
26%
563km SW Penzance
18%
No matching quizzes found
Score Distribution
Percent of People with Each Score
Percentile by Number Answered
Your Score History
You have not taken this quiz